000
00234 a2200097 4500
001
47355
100
_a
Meyer, R
245
_a
The stars and stripes story of world war II
260
_a
New York
_b
David mc kay
_c
090
_c
30390
_d
30390
942
_a
NUST-CAE
_c
M
_c
22659
999
_c
282428
_d
282428